01056nas a2200241Ia 4500001001100000003000900011008004100020040001300061040001300074041001200087100004600099210001700145222001700162242012800179245012900307250001100436260004600447501008600493300001900579362004600598500013400644650003600778R020/B2863IT-RoPAU151124c99999999xx |||||||||||| ||und|| aIT-RoPAU cIT-RoPAU aINGLESE aKomatsu HiroshigCodice Aut. SPICS: 36877 aGRIFFITHIANA aGriffithiana aESTREMO ORIENTE ED I "FILM CHE FANNO SOGNARE" (L'): LA SCOPERTA DELLA COLLEZIONE KOMIYAnCod. Traduzione Titolo: B2869yITA aGRIFFITHIANA, ANNO 15-N.44/45 (MAGGIO/SETTEMBRE 1992)bDream Pictures In The Far East-The Discovery Of The Komiya Collection a1a ed. aGEMONA (UDINE)bCINETECA DEL FRIULIc1992 bPaulus - SPICS - Società San Paolo EM (non-commercial uses only)cCopyright2015 a9 p. [130-138] aANNO 015, N.44/45 (MAGGIO/SETTEMBRE 1992) aTomijiro Komiya ed il Destino della Sua Collezione di Film. Restauro dei Film. Film che Fanno Sognare: Francia, Italia, Germania, aCINEMAvPUBBLICAZIONE PERIODICA